| 000 | 01532nam a2200397 c 4500 | ||
|---|---|---|---|
| 001 | 15955 | ||
| 003 | ES-MaCES | ||
| 005 | 20141221122411.0 | ||
| 008 | 040115s2003 sp d t o100 | spa d | ||
| 017 |
_aM 40980-2003 _bDL |
||
| 024 | 7 |
_a214-03-013-5 _2nipo |
|
| 035 | _aCES20040000246m | ||
| 040 |
_aES-MaCES _bspa _cES-MaCES |
||
| 100 | 1 |
_aJordán de Urríes Vega, Francisco de Borja _915530 |
|
| 245 | 1 | 3 |
_aEl empleo con apoyo en España _b: análisis de variables que determinan la obtención y mejora de resultados en el desarrollo de servicios _cF. B. Jordán de Urríes Vega, M. A. Verdugo ALonso |
| 250 | _a2ª ed | ||
| 260 |
_a[Madrid] _bReal Patronato sobre Discapacidad _c[2003] |
||
| 300 |
_a220 p. _c30 cm |
||
| 490 | 1 |
_aDocumentos _v59/2003 |
|
| 541 | _cGratuito | ||
| 650 | 4 |
_apersona con discapacidad _928689 |
|
| 650 | 4 |
_aempleo protegido _929334 |
|
| 650 | 4 |
_aintegración de las personas con discapacidad _929681 |
|
| 650 | 4 |
_ainserción profesional _929942 |
|
| 650 | 4 |
_aEspaña _926964 |
|
| 650 | 4 |
_aanálisis de datos _928876 |
|
| 650 | 4 |
_abase de datos _929266 |
|
| 653 | 1 | 0 | _aAsuntos Sociales |
| 700 | 1 |
_aVerdugo Alonso, Miguel Ángel _925728 |
|
| 710 | 2 |
_aReal Patronato sobre Discapacidad _dsept. 2001- _eed. _94874 |
|
| 775 | 0 |
_tAnálisis de la evolución del empleo con apoyo en España _w(ES-MaCES)18064 |
|
| 830 | 0 |
_aDocumentos (Real Patronato sobre Discapacidad) _v59/2003 _933710 |
|
| 902 | _aLIB Libro | ||
| 942 |
_2CES _cBK _h3.3. |
||
| 999 |
_c15955 _d15955 |
||